| 000 | 00601nam a2200181 i 4500 | ||
|---|---|---|---|
| 001 | 184639 | ||
| 003 | ES-MaACL | ||
| 005 | 20230906222238.0 | ||
| 008 | 151029s1947 pe |||| | spa d | ||
| 100 | 1 |
_aCarvallo, Carlota. _9158039 |
|
| 245 | 1 | 0 |
_aRutzi, el pequeño alucinado / _cCarlota Carvallo de Núñez. |
| 260 |
_a[Lima] : _bPrensas del Ministerio de Educación Publica, _c[1947] |
||
| 300 |
_a219 p., 9 h. de lám. col. ; _c21 cm. |
||
| 490 | 1 |
_aColección Escolar Peruana ; _v3 |
|
| 830 | 0 |
_aColección Escolar Peruana ; _v3 _9192218 |
|
| 852 |
_aES-MaACL _jE-3538 |
||
| 999 |
_c184639 _d184639 |
||